| 000 | 00697cam a22002291 4500 | ||
|---|---|---|---|
| 001 | 000018326 | ||
| 005 | 20200929165445.0 | ||
| 008 | 730410s1966 nyu b 000 0 eng | ||
| 010 | _a48007185 | ||
| 040 |
_aDO-SdBNP _cDLC _dDLC |
||
| 050 | 0 | 0 |
_aBF575.W8 _bC3 |
| 100 | 1 |
_aCarnegie, Dale, _d1888-1955. _98142 |
|
| 245 | 1 | 0 | _aHow to stop worrying and start living. |
| 260 |
_aNew York, : _bA Pocket Cardinal, _c1966. |
||
| 300 |
_axv, 340p. ; _c22 cm. |
||
| 504 | _aIncludes bibliographies. | ||
| 650 | 0 |
_aWorry. _939693 |
|
| 650 | 0 |
_aSuccess. _939217 |
|
| 710 | 2 |
_aRouben Mamoulian Collection (Library of Congress) _5DLC _939694 |
|
| 910 | _aCatalogación por derivada / LC | ||
| 082 | 0 | 0 | _a131.337 |
| 999 |
_c17847 _d17847 |
||